000
00270nam a22001217a 4500
020
_a
9789350140574
082
_a
621.38152 SON
100
_a
K. M. Soni
245
_a
Circuits and systems
260
_a
New Delhi
_b
Kataria & Sons
_c
2011
300
_a
477p.
942
_c
BK
999
_c
490612
_d
490612